00645nam a2200169Ia 4500008004100000020001800041041000800059082001900067100003500086245010000121250000600221260004900227300001300276650002200289999001900311952014500330210716s2013 xx 000 0 und d a9788181476425 aeng a621.38212 ZHAF aZhao, Feng;Guibas, Leonidas J. aWireless sensor networks: an information processing approach.bInformation processing approach. a1 aNew DelhibReed Elsevier India Pvt Ltdc2013 axvii,358 aComputer Networks c193509d193509 001040708MCAaAIMITbAIMITeKnowledge Worldg425.00l1o621.38212 ZHAFpMCA13017r2025-07-21 00:00:00s2024-10-04v318.75w2021-07-16yBK